Missing Word: 'A' US History Quiz Stats

Quiz Updated Jan 10, 2015

Challenge
Share
Tweet
Embed
Score 0/30 Timer 03:00
0 Plays Today
Hint Answer % Correct
Muhammad ____ - boxerAli
99.8%
____ Lincoln - US presidentAbraham
95.7%
____ Earhart - aviatorAmelia
93.8%
____ Jackson - US presidentAndrew
93.1%
____ Warhol - artistAndy
92.9%
Susan B. ____ - suffragetteAnthony
92.5%
____ 11 - moon landing spaceflightApollo
92.3%
Louis ____ - jazz musicianArmstrong
91.7%
Edgar ____ Poe - authorAllan
91.7%
____ Oakley - sharpshooterAnnie
82.9%
Louisa May ____ - authorAlcott
80.7%
____ Hamilton - US Secretary of the TreasuryAlexander
80.4%
____ of Confederation - ratified 1781Articles
75.1%
Maya ____ - authorAngelou
75%
____ Burr - US Vice PresidentAaron
72.4%
Hint Answer % Correct
____ Adams - photographerAnsel
62.6%
Nuclear testing on Bikini ____ - 1946-1958Atoll
58.1%
____ Tan - authorAmy
57.1%
Surrender at _____ Courthouse - 1865Appomattox
43.5%
____ and Sedition Acts - passed 1798Alien
38.3%
XYZ ____ - 1797-1798Affair
35.3%
Sherman ____ Act - passed 1890Antitrust
34.7%
Battle of the ____ - 1836Alamo
34.3%
Second Great ____ - religious movementAwakening
33%
Battle of ____ - 1862Antietam
30%
Marian ____ - singerAnderson
26.1%
Jane ____ - Nobel winning social reformerAddams
18.3%
Bonus ____ Conflict - 1932Army
14.3%
____ Gonzales - US Attorney GeneralAlberto
9.9%
Agricultural ___ Act - passed 1933Adjustment
6.4%

Today's Daily Dose

You're not logged in!

Compare scores with friends on all Sporcle quizzes.
Sign Up with Email
OR
Log In

You Might Also Like...

Show Comments

Extras

Top Quizzes Today


Score Distribution

Your Account Isn't Verified!

In order to create a playlist on Sporcle, you need to verify the email address you used during registration. Go to your Sporcle Settings to finish the process.